Japan's ODA annual report 1998. (Record no. 11484)

MARC details
000 -LEADER
fixed length control field 00733nam a22002297i 4500
003 - CONTROL NUMBER IDENTIFIER
control field URS
005 - DATE AND TIME OF LATEST TRANSACTION
control field 20220117094616.0
008 - FIXED-LENGTH DATA ELEMENTS--GENERAL INFORMATION
fixed length control field 170810b xxu||||| |||| 00| 0 eng d
040 ## - CATALOGING SOURCE
Original cataloging agency DECON
Description conventions rda
Transcribing agency URSR
Language of cataloging eng
041 ## - LANGUAGE CODE
Language code of text/sound track or separate title eng
050 ## - LIBRARY OF CONGRESS CALL NUMBER
Classification number HC 60 J37
Item number J2719 1994
100 1# - MAIN ENTRY--PERSONAL NAME
Personal name ASSOCIATION FOR PROMOTION OF INTERNATIONAL COOPERATION,
Relator term author
245 10 - TITLE STATEMENT
Title Japan's ODA annual report 1998.
264 #1 - PRODUCTION, PUBLICATION, DISTRIBUTION, MANUFACTURE, AND COPYRIGHT NOTICE
Place of production, publication, distribution, manufacture Japan :
Name of producer, publisher, distributor, manufacturer Ministry of Foreign Affairs,
Date of production, publication, distribution, manufacture, or copyright notice [Economic Cooperative Bureau,]
-- 19-
300 ## - PHYSICAL DESCRIPTION
Extent iii, 388 pages:
Other physical details illustrations
Dimensions 26.6 cm
336 ## - CONTENT TYPE
Source rdacontent
338 ## - CARRIER TYPE
Source rdacarrier
650 #4 - SUBJECT ADDED ENTRY--TOPICAL TERM
Topical term or geographic name entry element Economic assistance Japanese Periodicals.
710 ## - ADDED ENTRY--CORPORATE NAME
Corporate name or jurisdiction name as entry element Japan. Ministry of Foreign Affairs.
905 ## - LOCAL DATA ELEMENT E, LDE (RLIN)
a FO
942 ## - ADDED ENTRY ELEMENTS (KOHA)
Source of classification or shelving scheme Library of Congress Classification
Koha item type Foreign Books
Holdings
Withdrawn status Source of classification or shelving scheme Damaged status Not for loan Home library Current library Shelving location Date acquired Total Checkouts Full call number Barcode Date last seen Price effective from Koha item type
  Library of Congress Classification     Rodriguez College Library Rodriguez College Library Reference 08/10/2017   HC 60 J37 J2719 1994 URSROD-01 08/10/2017 08/10/2017 Foreign Books

University of Rizal System
Email us at univlibservices@urs.edu.ph

Visit our Website www.urs.edu.ph/library